Cognitive science : an introduction to the study of mind. (2nd ed.) (Record no. 79442)
[ view plain ]
| 000 -LEADER | |
|---|---|
| fixed length control field | 00985nam a2200229 a 4500 |
| 008 - FIXED-LENGTH DATA ELEMENTS--GENERAL INFORMATION | |
| fixed length control field | 170220s2012 ||||||||||||||||| || u |
| 010 ## - LIBRARY OF CONGRESS CONTROL NUMBER | |
| LC control number | 2011011486 |
| 020 ## - INTERNATIONAL STANDARD BOOK NUMBER | |
| International Standard Book Number | 9781412977616 |
| 050 ## - LIBRARY OF CONGRESS CALL NUMBER | |
| Classification number | BF 311 Fri |
| 100 ## - MAIN ENTRY--PERSONAL NAME | |
| Personal name | Friedenberg, Jay |
| 245 10 - TITLE STATEMENT | |
| Title | Cognitive science : an introduction to the study of mind. (2nd ed.) |
| Statement of responsibility, etc. | Jay Friedenberg, Gordon Silverman. |
| 250 ## - EDITION STATEMENT | |
| Edition statement | 2nd ed. |
| 260 ## - PUBLICATION, DISTRIBUTION, ETC. | |
| Place of publication, distribution, etc. | Los Angeles |
| Name of publisher, distributor, etc. | SAGE Publications |
| Date of publication, distribution, etc. | 2012 |
| 300 ## - PHYSICAL DESCRIPTION | |
| Extent | xxv, 517 p. : ill. |
| 350 ## - | |
| -- | 108.00 |
| 500 ## - GENERAL NOTE | |
| General note | Includes bibliographical references and indexes. |
| 650 #0 - SUBJECT ADDED ENTRY--TOPICAL TERM | |
| Topical term or geographic name entry element | COGNITIVE SCIENCE |
| 700 ## - ADDED ENTRY--PERSONAL NAME | |
| Personal name | Silverman, Gordon |
| 995 ## - | |
| -- | MAIN LIBRARY OPEN ACCESS |
| -- | 747478 |
| -- | CBU-MAIN LIBRARY (Kitwe) |
| -- | 108.00 |
| -- | BF 311 Fri |
| -- | 2 |
| -- | AVAILABLE |
| -- | Feb 20, 2017 |
| -- | 747478 |
| -- | Main Library Open Access Collection |
| 995 ## - | |
| -- | MEDICAL LIBRARY OPEN ACCESS |
| -- | 747128 |
| -- | CBU-SCHOOL OF MEDICINE LIBRARY (Ndola) |
| -- | BF 311 Fri |
| -- | 1 |
| -- | AVAILABLE |
| -- | Oct 12, 2016 |
| -- | 747128 |
| -- | Medical Library Open Access Collection |
| 999 ## - | |
| -- | 79442 |
| -- | 79442 |
No items available.